00433nam a2200157Ia 4500003000400000008004100004040001600045082001300061100002800074245006800102260003400170300001000204490002400214650001500238650002200253GCL140319s9999 xx 000 0 eng d aGCL / cGCL04a843bL M1 aLOUIS PHILIPPE, CHARLES10aLA MERE ET L'ENFANT LA PERE PERDRIX / cLOUIS PHILIPPE, CHARLES a[S.N] : bGALLIMARD ، c1983 a302 P aCOLLECTION FOLIOv004aLITERATURE04aFRENCH LITERATURE